000 00936nam a2200361Ia 4500
001 3776
005 20240113233652.0
007 ta
008 050603s 198 g b000 u eng u
020 _a0-85226-722-3
040 _aCotton College,Assam
041 _aeng
082 _a515.33
_bPr 886 Pa
100 _aPrasad, Phoolan .
245 0 _aPartial Differential Equations /
_cPhoolan Prasad and Renuka Ravindran.
_hTextual Documents
250 _a1st ed. /
260 _aNew Delhi :
_bWiley Eastern ,
_cC 1985.
300 _axi, 252p. ;
_c24cm.
504 _aIndex
653 _aMathematics
653 _aDifferential Equations
653 _aPG-Mathematics
653 _aG-Mathematics
700 _aRavindran, Renuka .
942 _2ddc
_cBK
999 _c3764
_d3764